| 000 | 00921cam a2200301 a 4500 | ||
|---|---|---|---|
| 001 | 12868851 | ||
| 003 | OSt | ||
| 005 | 20230621142849.0 | ||
| 008 | 020517s2001 za a b f000 0 eng | ||
| 010 | _a 2001314178 | ||
| 020 | _a9982470000 | ||
| 035 | _a(DLC) 2001314178 | ||
| 040 |
_aDLC _cDLC _dDLC |
||
| 042 | _alcode | ||
| 043 | _af-za--- | ||
| 082 |
_a328.68 _bCHI |
||
| 100 | 1 |
_aChibesakunda, Ng'ona Mwelwa, _d1939- |
|
| 245 | 1 | 4 |
_aThe Parliament of Zambia / _cNg'ona Mwelwa Chibesakunda. |
| 260 |
_aLusaka, Zambia : _bNational Assembly of Zambia, _c2001. |
||
| 300 |
_aix, 208 p. : _bill. ; _c25 cm. |
||
| 504 | _aIncludes bibliographical references. | ||
| 610 | 1 | 0 |
_aZambia. _bNational Assembly. |
| 650 | 0 |
_aLegislative bodies _zZambia. |
|
| 710 | 1 |
_aZambia. _bNational Assembly. |
|
| 906 |
_a7 _bcbc _corigode _d3 _encip _f20 _gy-gencatlg |
||
| 942 |
_2ddc _cBK |
||
| 999 |
_c2199 _d2199 |
||